[Event "Ungdoms-DM U12 2025"]
[Site "Odense"]
[Date "2025.09.27"]
[Round "1"]
[White "Arnfred, Solal Hojlund"]
[Black "Jacobsen, Samuel Bro"]
[Result "1/2-1/2"]
[WhiteElo "1560"]
[BlackElo "1883"]
[WhiteFideId "1477757"]
[BlackFideId "1480740"]
[EventDate "2025.09.27"]
[EventType "swiss"]
[EventRounds "7"]
[EventCountry "DEN"]
[SourceTitle "Turneringssystemet"]

1. c4 c5 2. Nc3 Nc6 3. g3 g6 4. Bg2 Bg7 5. Nf3 Nf6 6. O-O O-O 7. d3 e6 8. Bf4 d5 9. Rb1 a6 10. Na4 dxc4 11. dxc4 Qxd1 12. Rfxd1 Re8 13. Nxc5 e5 14. Be3 Nb4 15. Bd2 Nc6 16. Bc3 Bf5 17. Ra1 b6 18. Nxe5 Nxe5 19. Bxa8 Rxa8 20. Bxe5 bxc5 21. Bc3 1/2-1/2

[Event "Ungdoms-DM U12 2025"]
[Site "Odense"]
[Date "2025.09.27"]
[Round "1"]
[White "Mikkelsen, Anders Askjaer"]
[Black "Elcer, Spencer Skoubo"]
[Result "1-0"]
[WhiteElo "1918"]
[BlackElo "1527"]
[WhiteFideId "1477765"]
[BlackFideId "1480820"]
[EventDate "2025.09.27"]
[EventType "swiss"]
[EventRounds "7"]
[EventCountry "DEN"]
[SourceTitle "Turneringssystemet"]

1. e4 c5 2. Nf3 d6 3. d4 cxd4 4. Nxd4 Nf6 5. Nc3 a6 6. f3 e5 7. Nb3 Be6 8. Be3 Nbd7 9. Qd2 Nb6 10. g4 h6 11. O-O-O g5 12. h4 gxh4 13. Qf2 Nc4 14. Bxc4 Bxc4 15. Qxh4 Be7 16. Qg3 Qc7 17. Bxh6 1-0

[Event "Ungdoms-DM U12 2025"]
[Site "Odense"]
[Date "2025.09.27"]
[Round "1"]
[White "Jorgensen, August Ronbak"]
[Black "Skytte, Robert"]
[Result "0-1"]
[WhiteElo "1561"]
[BlackElo "1850"]
[WhiteFideId "1483153"]
[BlackFideId "1471775"]
[EventDate "2025.09.27"]
[EventType "swiss"]
[EventRounds "7"]
[EventCountry "DEN"]
[SourceTitle "Turneringssystemet"]

1. e4 c5 2. Nc3 d6 3. f4 Nf6 4. Nf3 g6 5. Bc4 Bg7 6. d3 Nc6 7. a3 O-O 8. O-O a6 9. Bd2 b5 10. Ba2 Bb7 11. Nh4 e6 12. f5 Nxe4 13. Nxe4 Bd4+ 14. Kh1 Qxh4 15. Bg5 Qh5 16. Nf6+ Bxf6 17. Qxh5 gxh5 18. Bxf6 Nd4 19. Bxd4 cxd4 20. fxe6 fxe6 21. Bxe6+ Kg7 22. h3 Rae8 23. Ba2 Re2 24. Rxf8 Kxf8 25. Rf1+ Ke8 26. Bf7+ Ke7 27. Bxh5 Bxg2+ 28. Kg1 Bxf1 29. Bxe2 Bxe2 30. Kf2 Bd1 31. c3 dxc3 32. bxc3 Ke6 33. Ke3 Kd5 34. Kd2 Bh5 35. Ke3 Bg6 36. h4 Kc5 37. Kd2 a5 38. Ke3 d5 39. Kd2 d4 40. Kc2 dxc3 41. Kxc3 b4+ 42. axb4+ axb4+ 43. Kd2 Kd4 0-1

[Event "Ungdoms-DM U12 2025"]
[Site "Odense"]
[Date "2025.09.27"]
[Round "1"]
[White "Vo, Charlie"]
[Black "Rajesh, Vishnu"]
[Result "1-0"]
[WhiteElo "1805"]
[BlackElo "1486"]
[WhiteFideId "1477706"]
[BlackFideId "1473107"]
[EventDate "2025.09.27"]
[EventType "swiss"]
[EventRounds "7"]
[EventCountry "DEN"]
[SourceTitle "Turneringssystemet"]

1. e4 c5 2. Nf3 d6 3. d4 cxd4 4. Nxd4 Nf6 5. Nc3 Bd7 6. f3 Nc6 7. Be3 g6 8. Qd2 Bg7 9. g4 O-O 10. h4 Ne5 11. Be2 Rc8 12. O-O-O Qb6 13. Nf5 Qd8 14. Nxg7 Kxg7 15. Bh6+ Kg8 16. Bxf8 Kxf8 17. h5 b5 18. hxg6 fxg6 19. Qh6+ Kg8 20. g5 Nf7 21. Qh4 Nh5 22. f4 b4 23. Nd5 a5 24. Bxh5 Nh6 25. gxh6 Be6 26. Qxe7 Qxe7 27. Nxe7+ Kf7 28. Nxc8 Bxc8 29. Bxg6+ Kg8 30. Rxd6 hxg6 31. h7+ Kf7 32. h8=Q Be6 33. e5 g5 34. Qf6+ Kg8 35. Rh8# 1-0

[Event "Ungdoms-DM U12 2025"]
[Site "Odense"]
[Date "2025.09.27"]
[Round "2"]
[White "Bavelski, Nikolaj"]
[Black "Mikkelsen, Anders Askjaer"]
[Result "0-1"]
[WhiteElo "1564"]
[BlackElo "1918"]
[WhiteFideId "1485644"]
[BlackFideId "1477765"]
[EventDate "2025.09.27"]
[EventType "swiss"]
[EventRounds "7"]
[EventCountry "DEN"]
[SourceTitle "Turneringssystemet"]

1. e4 e6 2. d4 d5 3. Nd2 c5 4. c3 Nc6 5. Ngf3 Qb6 6. exd5 exd5 7. Qb3 c4 8. Qc2 Nf6 9. b3 cxb3 10. axb3 Bd6 11. Bd3 O-O 12. O-O Bg4 13. Ba3 Bxa3 14. Rxa3 Rac8 15. Re1 Nb4 16. Qb1 Rxc3 17. Bf5 Bxf5 18. Qxf5 Nc2 19. Rc1 Nxd4 0-1

[Event "Ungdoms-DM U12 2025"]
[Site "Odense"]
[Date "2025.09.27"]
[Round "2"]
[White "Skytte, Robert"]
[Black "Vorobets, Artem"]
[Result "1-0"]
[WhiteElo "1850"]
[BlackElo "1799"]
[WhiteFideId "1471775"]
[BlackFideId "1480138"]
[EventDate "2025.09.27"]
[EventType "swiss"]
[EventRounds "7"]
[EventCountry "DEN"]
[SourceTitle "Turneringssystemet"]

1. e4 c5 2. Nf3 Nc6 3. c3 e6 4. d4 cxd4 5. cxd4 d5 6. e5 Bb4+ 7. Bd2 Bxd2+ 8. Qxd2 Nge7 9. Nc3 a6 10. Bd3 h6 11. O-O O-O 12. h3 Bd7 13. Rac1 Rc8 14. Bb1 Na7 15. Nh4 Nb5 16. Qd3 g6 17. Qd2 Kg7 18. Qf4 Nf5 19. Nxf5+ exf5 20. Ne2 Be6 21. Bd3 Na7 22. Rxc8 Qxc8 23. Rc1 Qd7 24. Qd2 Rc8 25. Nf4 Rxc1+ 26. Qxc1 Qc8 27. Qc3 Qc6 28. Kf1 Qxc3 29. bxc3 g5 30. Nh5+ Kf8 31. Nf6 Nc8 32. Ke2 Ne7 33. g3 Ng8 34. Nxg8 Kxg8 35. Kd2 Kf8 36. Kc2 Ke7 37. Kb3 Kd7 38. a4 Kc6 39. Be2 g4 40. h4 h5 41. Bf1 f6 42. exf6 Kd6 43. Bd3 Kc6 44. Bxf5 Bf7 45. Bd3 Kd6 46. c4 Kc6 47. cxd5+ Bxd5+ 48. Be4 Bxe4 49. f7 Kd5 50. f8=Q Kxd4 51. Qc5+ Kd3 52. Qe3# Kc2+ 53. Qe2+ Kc1 54. Qb2+ 1-0

[Event "Ungdoms-DM U12 2025"]
[Site "Odense"]
[Date "2025.09.27"]
[Round "2"]
[White "Prohnitchi, Adrian"]
[Black "Vo, Charlie"]
[Result "0-1"]
[WhiteElo "1658"]
[BlackElo "1805"]
[WhiteFideId "1477692"]
[BlackFideId "1477706"]
[EventDate "2025.09.27"]
[EventType "swiss"]
[EventRounds "7"]
[EventCountry "DEN"]
[SourceTitle "Turneringssystemet"]

1. e4 c5 2. Nc3 d6 3. Bc4 Nf6 4. d3 Nc6 5. h3 a6 6. a3 e6 7. Bg5 Be7 8. Nf3 h6 9. Bh4 Qc7 10. Bg3 b5 11. Bb3 Bb7 12. a4 b4 13. Ne2 Qd7 14. c3 a5 15. Qc2 Ba6 16. O-O-O bxc3 17. Nxc3 Nd4 18. Nxd4 cxd4 19. Nb5 Bxb5 20. axb5 Rc8 21. Bc4 d5 22. exd5 exd5 23. Kb1 O-O 24. Rhe1 dxc4 25. dxc4 Bb4 26. Re3 Rfe8 27. Be5 dxe3 28. Rxd7 Nxd7 29. Bd4 e2 30. Ka2 e1=Q 31. Be3 Rxe3 32. fxe3 Qxe3 33. Qf5 Qe6 34. Qxe6 fxe6 35. Kb3 Nb6 36. g3 Rxc4 37. g4 e5 38. g5 e4 39. gxh6 e3 40. h7+ Kxh7 41. h4 e2 42. h5 a4+ 43. Ka2 e1=Q 44. h6 gxh6 45. b3 axb3+ 46. Kb2 Qc1+ 47. Kxb3 Qb1# 0-1

[Event "Ungdoms-DM U12 2025"]
[Site "Odense"]
[Date "2025.09.27"]
[Round "2"]
[White "Larsen, Jonas Bogh"]
[Black "Tursic, Benjamin"]
[Result "1-0"]
[WhiteElo "1702"]
[BlackElo "1628"]
[WhiteFideId "1477552"]
[BlackFideId "1482475"]
[EventDate "2025.09.27"]
[EventType "swiss"]
[EventRounds "7"]
[EventCountry "DEN"]
[SourceTitle "Turneringssystemet"]

1. e4 c5 2. Nc3 Nc6 3. f4 e6 4. Bc4 a6 5. a4 Nge7 6. d3 d5 7. Ba2 d4 8. Nce2 Ng6 9. Nf3 Be7 10. O-O O-O 11. Bd2 b6 12. Ng3 Bb7 13. Qe2 Bh4 14. Bb3 Bxg3 15. hxg3 Qc7 16. Nh4 Nce7 17. Qf2 Qd7 18. g4 f5 19. gxf5 Kh8 20. fxg6 Nxg6 21. Nxg6+ hxg6 22. Qh4+ Kg8 23. f5 gxf5 24. exf5 Bd5 25. Bxd5 Qxd5 26. f6 Ra7 27. fxg7 Rxg7 28. Rxf8+ Kxf8 29. Rf1+ Kg8 30. Qf2 b5 31. Bh6 Rb7 32. Qg3+ Kh7 33. Rf6 Qh5 34. Qe1 Re7 35. Qe4+ Kh8 36. Rf8# 1-0

[Event "Ungdoms-DM U12 2025"]
[Site "Odense"]
[Date "2025.09.27"]
[Round "3"]
[White "Mikkelsen, Anders Askjaer"]
[Black "Larsen, Jonas Bogh"]
[Result "1-0"]
[WhiteElo "1918"]
[BlackElo "1702"]
[WhiteFideId "1477765"]
[BlackFideId "1477552"]
[EventDate "2025.09.27"]
[EventType "swiss"]
[EventRounds "7"]
[EventCountry "DEN"]
[SourceTitle "Turneringssystemet"]

1. e4 c5 2. Nf3 g6 3. d4 cxd4 4. Nxd4 Bg7 5. c4 Nc6 6. Be3 d6 7. Nc3 Nf6 8. f3 Be6 9. Qd2 O-O 10. Be2 Rc8 11. b3 a5 12. O-O Qd7 13. Na4 Qd8 14. Nxe6 fxe6 15. Bb6 Qe8 16. Rad1 Nd7 17. Be3 Rb8 18. f4 Nf6 19. e5 dxe5 20. fxe5 Nxe5 21. Bf4 Nfd7 22. Qxa5 Nc6 23. Qd2 Nf6 24. Bxb8 Qxb8 25. Bf3 Ne5 26. Nc3 Nfg4 27. Bxg4 Rxf1+ 28. Kxf1 Nxg4 29. Qd8+ Qxd8 30. Rxd8+ Kf7 31. Nb5 Nxh2+ 32. Ke2 Ng4 33. Rd7 b6 34. Nd6+ 1-0

[Event "Ungdoms-DM U12 2025"]
[Site "Odense"]
[Date "2025.09.27"]
[Round "3"]
[White "Bjerg, Sigurd"]
[Black "Skytte, Robert"]
[Result "1-0"]
[WhiteElo "1672"]
[BlackElo "1850"]
[WhiteFideId "1480170"]
[BlackFideId "1471775"]
[EventDate "2025.09.27"]
[EventType "swiss"]
[EventRounds "7"]
[EventCountry "DEN"]
[SourceTitle "Turneringssystemet"]

1. e4 c5 2. Nf3 Nc6 3. d4 cxd4 4. Nxd4 g6 5. c4 Bg7 6. Be3 Nf6 7. Nc3 O-O 8. f3 b6 9. Nxc6 dxc6 10. Qxd8 Rxd8 11. Be2 Be6 12. O-O Nd7 13. Rac1 Rac8 14. Rfd1 Ne5 15. b3 Rxd1+ 16. Nxd1 c5 17. Nf2 Nc6 18. Nd3 Nd4 19. Kf2 Bd7 20. Ne1 Bc6 21. Nc2 Rd8 22. Rd1 Rd7 23. Bxd4 Bxd4+ 24. Nxd4 cxd4 25. e5 Kg7 26. f4 f5 27. exf6+ exf6 28. Bf3 Bxf3 29. Kxf3 f5 30. Ke2 Re7+ 31. Kd3 Re4 32. g3 Kf6 33. Rd2 a5 34. Re2 Rxe2 35. Kxe2 g5 36. Kd3 gxf4 37. gxf4 Kg6 38. Kxd4 Kh5 39. Ke5 Kg4 40. a3 h5 41. b4 axb4 42. axb4 h4 43. c5 bxc5 44. bxc5 h3 45. c6 Kf3 46. c7 Kg2 47. c8=Q Kh1 48. Qxf5 Kg1 49. Qxh3 Kf2 50. f5 Kg1 51. f6 Kf2 52. f7 Kg1 53. f8=Q Kh1 54. Qff1# 1-0

[Event "Ungdoms-DM U12 2025"]
[Site "Odense"]
[Date "2025.09.27"]
[Round "3"]
[White "Vo, Charlie"]
[Black "Hagen, Frida Bjerregaard"]
[Result "1/2-1/2"]
[WhiteElo "1805"]
[BlackElo "1743"]
[WhiteFideId "1477706"]
[BlackFideId "1472089"]
[EventDate "2025.09.27"]
[EventType "swiss"]
[EventRounds "7"]
[EventCountry "DEN"]
[SourceTitle "Turneringssystemet"]

1. e4 e6 2. Nf3 d5 3. e5 c5 4. b4 cxb4 5. a3 Qa5 6. Be2 Nc6 7. O-O Qc7 8. d4 Nge7 9. axb4 Nf5 10. c3 b6 11. Na3 Be7 12. Bd3 O-O 13. g4 Nh6 14. Bxh6 gxh6 15. Qd2 Kg7 16. Kh1 Qd8 17. Rg1 Bg5 18. Nxg5 hxg5 19. f4 h6 20. f5 f6 21. b5 Na5 22. Raf1 Qe7 23. exf6+ Rxf6 24. Nc2 Bd7 25. Ne3 Raf8 26. Qe2 Qd6 27. fxe6 Bxe6 28. Rxf6 Rxf6 29. Nf5+ Bxf5 30. gxf5 Nb7 31. Qe5 Nd8 32. Ra1 Qd7 33. c4 dxc4 34. Bxc4 Nf7 35. Bxf7 Kxf7 36. Kg2 Rxf5 37. Rxa7 Rxe5 38. Rxd7+ Re7 39. Rxe7+ Kxe7 40. Kf3 Kd6 41. Ke4 Ke6 42. h3 h5 43. d5+ Kd6 44. Kf5 g4 45. hxg4 hxg4 46. Kxg4 Kxd5 47. Kf4 Kc5 48. Ke4 Kxb5 49. Kd3 Kb4 50. Kc2 b5 51. Kb2 Ka4 52. Ka2 Kb4 53. Kb2 Kc4 54. Kc2 b4 55. Kb2 b3 56. Kb1 Kb5 57. Kb2 Ka4 58. Kb1 Ka3 59. Ka1 Ka4 60. Kb2 Kb4 61. Kb1 Ka3 62. Ka1 b2+ 63. Kb1 Kb3 1/2-1/2

[Event "Ungdoms-DM U12 2025"]
[Site "Odense"]
[Date "2025.09.27"]
[Round "3"]
[White "Pei, Alvin Taesang"]
[Black "Jacobsen, Samuel Bro"]
[Result "0-1"]
[WhiteElo "1637"]
[BlackElo "1883"]
[WhiteFideId ""]
[BlackFideId "1480740"]
[EventDate "2025.09.27"]
[EventType "swiss"]
[EventRounds "7"]
[EventCountry "DEN"]
[SourceTitle "Turneringssystemet"]

1. e4 e5 2. Nf3 Nf6 3. Nc3 Nc6 4. Bc4 h6 5. O-O Bc5 6. h3 d6 7. d3 g5 8. Be3 g4 9. hxg4 Bxg4 10. Re1 Qd7 11. Bxc5 dxc5 12. Bb5 Qe6 13. Bxc6+ bxc6 14. Re3 Rg8 15. Kf1 Nh5 16. g3 O-O-O 17. b3 Rdf8 18. Qd2 Nf4 19. Ne2 Bh3+ 20. Kg1 Ng2 21. Nh2 Nxe3 22. Qxe3 Qd6 23. Kh1 f5 24. Rg1 fxe4 25. dxe4 h5 0-1

[Event "Ungdoms-DM U12 2025"]
[Site "Odense"]
[Date "2025.09.27"]
[Round "4"]
[White "Bjerg, Sigurd"]
[Black "Mikkelsen, Anders Askjaer"]
[Result "0-1"]
[WhiteElo "1672"]
[BlackElo "1918"]
[WhiteFideId "1480170"]
[BlackFideId "1477765"]
[EventDate "2025.09.27"]
[EventType "swiss"]
[EventRounds "7"]
[EventCountry "DEN"]
[SourceTitle "Turneringssystemet"]

1. e4 e6 2. d4 d5 3. exd5 exd5 4. Bd3 Nf6 5. Nf3 Bd6 6. Qe2+ Be6 7. Ng5 Qe7 8. Nxe6 fxe6 9. Bg5 Nbd7 10. Nd2 a5 11. a4 O-O 12. O-O Rae8 13. Rfe1 e5 14. Qf1 Qf7 15. c3 exd4 16. Rxe8 Qxe8 17. cxd4 Ng4 18. Nf3 Qh5 19. h3 Rxf3 20. gxf3 Nh2 21. Bxh7+ Kxh7 22. Qd3+ Kg8 23. f4 Nf3+ 24. Kg2 Nxg5 25. fxg5 Qxg5+ 26. Kh1 Qf4 27. Qg3 Qxg3 28. fxg3 Bxg3 29. Kg2 Bd6 30. b3 Be7 31. Rc1 c6 32. Re1 Kf7 33. Kg3 Bf6 34. Rf1 Nf8 35. Kg4 Ne6 36. h4 Nxd4 37. h5 Nxb3 38. Rb1 Nc5 39. Kf5 d4 40. Rg1 d3 41. h6 gxh6 42. Rg6 d2 43. Rxh6 d1=Q 44. Rxf6+ Ke7 45. Re6+ Nxe6 46. Ke4 Qd4+ 47. Kf3 Qf4+ 48. Kg2 Qe3 49. Kf1 Qd2 50. Kg1 Ng5 51. Kf1 Ne4 52. Kg1 Qf2+ 0-1

[Event "Ungdoms-DM U12 2025"]
[Site "Odense"]
[Date "2025.09.27"]
[Round "4"]
[White "Jacobsen, Samuel Bro"]
[Black "Vo, Charlie"]
[Result "0-1"]
[WhiteElo "1883"]
[BlackElo "1805"]
[WhiteFideId "1480740"]
[BlackFideId "1477706"]
[EventDate "2025.09.27"]
[EventType "swiss"]
[EventRounds "7"]
[EventCountry "DEN"]
[SourceTitle "Turneringssystemet"]

1. e4 e5 2. Nf3 Nc6 3. Bb5 a6 4. Ba4 Nf6 5. d3 Bc5 6. c3 d6 7. O-O h6 8. Re1 O-O 9. Nbd2 Ne7 10. Nf1 b5 11. Bc2 Ng6 12. h3 Bb7 13. Ng3 Bb6 14. d4 c5 15. d5 Bc8 16. a4 Bd7 17. Be3 c4 18. Qd2 Bxe3 19. Qxe3 Qc7 20. Ra3 Qb7 21. b4 cxb3 22. Rxb3 Qc7 23. axb5 Bxb5 24. Reb1 Rab8 25. Bd3 Bxd3 26. Qxd3 a5 27. Qa6 Ra8 28. Qb6 Qxb6 29. Rxb6 Rfd8 30. Nd2 Nf4 31. Ra1 Nd3 32. Nc4 Rac8 33. Nxa5 Rxc3 34. Nc6 Re8 35. Ra2 g6 36. Ne2 Rc4 37. f3 Nh5 38. Rb3 Ndf4 39. Nxf4 Nxf4 40. Rb7 Rf8 41. Rd7 h5 42. h4 f5 43. g3 Nd3 44. Raa7 Rc1+ 45. Kg2 Rc2+ 46. Kf1 Re8 47. Ne7+ Rxe7 48. Rxe7 Rc8 49. Rg7+ Kf8 50. Rxg6 f4 51. Rh6 Kg8 52. Rxh5 Rb8 53. Rg5+ Kf8 54. gxf4 Nxf4 55. h5 Rb1+ 56. Kf2 Nh3+ 57. Kg3 Nxg5 58. Kg4 Rg1+ 59. Kf5 Nxf3 60. Kf6 Kg8 61. Rd7 Nd2 62. Kf5 Rf1+ 63. Kg6 Nxe4 64. h6 Rf6+ 65. Kh5 Rf7 66. Rd8+ Kh7 67. Rc8 Nf6+ 68. Kg5 Nxd5 69. Rd8 Nc3 70. Kg4 d5 0-1

[Event "Ungdoms-DM U12 2025"]
[Site "Odense"]
[Date "2025.09.27"]
[Round "4"]
[White "Hagen, Frida Bjerregaard"]
[Black "Andersen, Frederik"]
[Result "1-0"]
[WhiteElo "1743"]
[BlackElo "1710"]
[WhiteFideId "1472089"]
[BlackFideId "1481630"]
[EventDate "2025.09.27"]
[EventType "swiss"]
[EventRounds "7"]
[EventCountry "DEN"]
[SourceTitle "Turneringssystemet"]

1. e4 e5 2. Nf3 Nc6 3. Bb5 a6 4. Ba4 Nf6 5. d3 Bc5 6. O-O h6 7. Bxc6 dxc6 8. Nxe5 O-O 9. Nc3 Re8 10. Nf3 Bg4 11. h3 Bh5 12. Be3 Bb4 13. a3 Bxc3 14. bxc3 b6 15. Rb1 c5 16. Bf4 c4 17. Re1 cxd3 18. cxd3 b5 19. Re3 Rc8 20. Qd2 Bxf3 21. Rxf3 c5 22. Rd1 c4 23. e5 Nh5 24. d4 Nxf4 25. Qxf4 Qe7 26. Ra1 Rc7 27. Rg3 Kh7 28. Qg4 Rg8 29. Re3 Rd7 30. Qe2 Re8 31. Qc2+ Kg8 32. Qb2 Rb7 33. Qb4 Rd8 34. Qxe7 Rxe7 35. Re2 Rb7 36. Rb2 Kf8 37. Rab1 Ke7 38. a4 Rdb8 39. axb5 axb5 40. Rb4 Ke6 41. f3 g5 42. Kf2 f6 43. exf6 Kxf6 44. Re1 Re7 45. Rxe7 Kxe7 46. Ke3 Kd6 47. g3 Re8+ 48. Kf2 Kc6 49. Rb2 Rb8 50. Rb4 Ra8 51. Rb2 Rb8 52. f4 gxf4 53. gxf4 1-0

[Event "Ungdoms-DM U12 2025"]
[Site "Odense"]
[Date "2025.09.27"]
[Round "4"]
[White "Skytte, Robert"]
[Black "Czapp, Rafal"]
[Result "1-0"]
[WhiteElo "1850"]
[BlackElo "1489"]
[WhiteFideId "1471775"]
[BlackFideId "1481711"]
[EventDate "2025.09.27"]
[EventType "swiss"]
[EventRounds "7"]
[EventCountry "DEN"]
[SourceTitle "Turneringssystemet"]

1. e4 e6 2. d4 d5 3. Nc3 Bb4 4. exd5 exd5 5. Bd3 Nf6 6. Nge2 Nc6 7. O-O Bxc3 8. bxc3 O-O 9. Bg5 h6 10. Bh4 g5 11. Bg3 Nh5 12. h3 Nxg3 13. Nxg3 f5 14. Qh5 Qf6 15. f4 Ne7 16. fxg5 Qxg5 17. Qxg5+ hxg5 18. Rae1 Rf7 19. Re5 Kh7 20. Nxf5 Bxf5 21. Bxf5+ Kg7 22. Be6 Rxf1+ 23. Kxf1 Ng6 24. Rxd5 Nf4 25. Rxg5+ Kh6 26. Rf5 Nxe6 27. Rf6+ Kg5 28. Rxe6 Rf8+ 29. Ke2 Rf7 30. g3 c6 31. Re5+ Kf6 32. g4 Kg6 33. Ke3 Rf1 34. h4 b6 35. Re6+ Kf7 36. Rxc6 Re1+ 37. Kf2 Rc1 38. g5 Rxc2+ 39. Kf3 Rxa2 40. Kg4 a5 41. Rc7+ Kg8 42. Kh5 a4 43. Kh6 Rh2 44. h5 a3 45. g6 Rf2 46. Rc8+ Rf8 47. Rxf8+ Kxf8 48. g7+ Kg8 49. Kg6 a2 50. h6 a1=Q 51. h7# 1-0

[Event "Ungdoms-DM U12 2025"]
[Site "Odense"]
[Date "2025.09.28"]
[Round "5"]
[White "Mikkelsen, Anders Askjaer"]
[Black "Hagen, Frida Bjerregaard"]
[Result "1/2-1/2"]
[WhiteElo "1918"]
[BlackElo "1743"]
[WhiteFideId "1477765"]
[BlackFideId "1472089"]
[EventDate "2025.09.27"]
[EventType "swiss"]
[EventRounds "7"]
[EventCountry "DEN"]
[SourceTitle "Turneringssystemet"]

1. e4 e6 2. d4 d5 3. exd5 exd5 4. Nf3 Nf6 5. Bd3 Bd6 6. O-O O-O 7. Bg5 Nbd7 8. Nbd2 c6 9. c3 Qc7 10. Qc2 h6 11. Bh4 Ng4 12. Bg3 Bxg3 13. hxg3 Nb6 14. Rae1 Bd7 15. Ne5 Nf6 16. Re2 Rae8 17. Rfe1 Bc8 18. Ndf3 Nbd7 19. Nxd7 Bxd7 20. Ne5 Be6 21. Ng6 Bg4 22. Rxe8 Rxe8 23. Rxe8+ Nxe8 24. Ne5 Nf6 25. Qd2 Qc8 26. Qf4 Be6 27. Bc2 Ng4 28. f3 1/2-1/2

[Event "Ungdoms-DM U12 2025"]
[Site "Odense"]
[Date "2025.09.28"]
[Round "5"]
[White "Vo, Charlie"]
[Black "Skytte, Robert"]
[Result "1/2-1/2"]
[WhiteElo "1805"]
[BlackElo "1850"]
[WhiteFideId "1477706"]
[BlackFideId "1471775"]
[EventDate "2025.09.27"]
[EventType "swiss"]
[EventRounds "7"]
[EventCountry "DEN"]
[SourceTitle "Turneringssystemet"]

1. e4 c5 2. Nf3 d6 3. d4 cxd4 4. Nxd4 Nf6 5. Nc3 a6 6. h3 e5 7. Nf3 h5 8. Be3 Nbd7 9. Bc4 Be7 10. O-O O-O 11. Nh4 b5 12. Bd3 Nc5 13. Bxc5 dxc5 14. Nf5 Bxf5 15. exf5 c4 16. Be2 Qxd1 17. Raxd1 Rad8 18. Bf3 Bb4 19. Nd5 Nxd5 20. Rxd5 Rxd5 21. Bxd5 Rd8 22. Rd1 Rd6 23. Bf3 h4 24. Rxd6 Bxd6 25. Bb7 a5 26. Ba6 b4 27. Bxc4 Kf8 28. Kf1 Ke7 29. Ke2 Kf6 30. b3 Kxf5 31. Bxf7 g5 32. Bg8 Kf4 33. Be6 Bc5 34. Bg4 e4 35. Bh5 Bd4 1/2-1/2

[Event "Ungdoms-DM U12 2025"]
[Site "Odense"]
[Date "2025.09.28"]
[Round "5"]
[White "Arnfred, Solal Hojlund"]
[Black "Bjerg, Sigurd"]
[Result "1/2-1/2"]
[WhiteElo "1560"]
[BlackElo "1672"]
[WhiteFideId "1477757"]
[BlackFideId "1480170"]
[EventDate "2025.09.27"]
[EventType "swiss"]
[EventRounds "7"]
[EventCountry "DEN"]
[SourceTitle "Turneringssystemet"]

1. c4 c6 2. Nc3 e5 3. Nf3 Qc7 4. d3 Nf6 5. Bg5 Be7 6. Bxf6 Bxf6 7. Qd2 d6 8. g3 Be6 9. Rc1 Nd7 10. Bg2 O-O 11. O-O Rac8 12. Ng5 Nc5 13. b4 h6 14. Nxe6 Nxe6 15. Bh3 Bg5 16. e3 f5 17. Qe2 Qf7 18. Rcd1 Rce8 19. Rfe1 a6 20. b5 axb5 21. cxb5 Nc5 22. bxc6 bxc6 23. Qd2 Ne6 24. f4 exf4 25. exf4 Nd4 26. Qf2 Rxe1+ 27. Rxe1 Bf6 28. Bg2 d5 29. Ne2 Qa7 30. Kf1 Qxa2 31. Nxd4 Qxf2+ 32. Kxf2 Bxd4+ 33. Kf1 Kf7 34. Rc1 Rb8 35. Bf3 Rb2 36. Be2 c5 37. Re1 Ra2 38. Rb1 Ra1 39. Rxa1 Bxa1 40. Bf3 Ke6 41. Ke2 c4 42. dxc4 dxc4 43. Kd2 Bd4 44. h3 Bf2 45. g4 Bg3 46. Ke3 g6 47. Be2 c3 48. Bd3 Be1 49. gxf5+ gxf5 50. Kf3 Kf6 51. Bc2 Kg6 52. Bd3 Bd2 53. Kg3 h5 54. Bc2 h4+ 55. Kf3 Kf6 56. Bd3 Ke6 57. Bc2 Be1 58. Bb3+ Kf6 1/2-1/2

[Event "Ungdoms-DM U12 2025"]
[Site "Odense"]
[Date "2025.09.28"]
[Round "5"]
[White "Tursic, Benjamin"]
[Black "Jacobsen, Samuel Bro"]
[Result "1/2-1/2"]
[WhiteElo "1628"]
[BlackElo "1883"]
[WhiteFideId "1482475"]
[BlackFideId "1480740"]
[EventDate "2025.09.27"]
[EventType "swiss"]
[EventRounds "7"]
[EventCountry "DEN"]
[SourceTitle "Turneringssystemet"]

1. d4 Nf6 2. c4 e6 3. Nc3 Bb4 4. Bf4 O-O 5. a3 Bxc3+ 6. bxc3 b6 7. Nf3 d5 8. cxd5 Nxd5 9. Qd2 Nxf4 10. Qxf4 Bb7 11. e4 c5 12. Bc4 cxd4 13. cxd4 Nc6 14. Rd1 Rc8 15. O-O Qe7 16. Qe3 Rfd8 17. d5 Na5 18. Ba2 exd5 19. exd5 Qxe3 20. fxe3 Rc3 21. Ng5 Rd7 22. d6 Nb3 23. Bxb3 Rxb3 24. Rxf7 Bc6 25. e4 Rxf7 26. Nxf7 Kxf7 27. d7 Bxd7 28. Rxd7+ Kf6 29. Rxa7 h5 30. Ra4 Ke5 31. Kf2 1/2-1/2

[Event "Ungdoms-DM U12 2025"]
[Site "Odense"]
[Date "2025.09.28"]
[Round "6"]
[White "Vo, Charlie"]
[Black "Mikkelsen, Anders Askjaer"]
[Result "0-1"]
[WhiteElo "1805"]
[BlackElo "1918"]
[WhiteFideId "1477706"]
[BlackFideId "1477765"]
[EventDate "2025.09.27"]
[EventType "swiss"]
[EventRounds "7"]
[EventCountry "DEN"]
[SourceTitle "Turneringssystemet"]

1. e4 e6 2. Nf3 d5 3. e5 c5 4. b4 cxb4 5. a3 bxa3 6. d4 Nc6 7. c3 Bd7 8. Bd3 Be7 9. Bxa3 Bxa3 10. Nxa3 a6 11. O-O Nge7 12. h3 Ng6 13. Qd2 b5 14. Nc2 Na5 15. Qe2 Nf4 16. Qe3 Nxd3 17. Qxd3 Nc4 18. Nd2 O-O 19. Nxc4 dxc4 20. Qg3 Bc6 21. Ne3 Be4 22. Ng4 Kh8 23. Rfe1 Bg6 24. Ne3 a5 25. h4 f5 26. exf6 Qxf6 27. Ng4 Qf4 28. Rxe6 Qxg3 29. fxg3 Bf5 30. Re5 Bxg4 31. Rxb5 a4 32. Rb4 a3 33. d5 Be2 34. Kh2 Rfd8 35. Re1 a2 36. Ra1 Kg8 37. Rb2 Bd3 38. Rbxa2 Rxa2 39. Rxa2 Rxd5 40. g4 h6 41. Ra8+ Kh7 42. Kg3 Be4 43. Ra3 Rd3+ 44. Kf4 Bxg2 45. g5 h5 46. Kf5 Rg3 47. Ke6 Rg4 48. Ra6 Rxh4 49. Kf7 Rf4+ 50. Ke7 Rg4 51. Ra5 Kg6 0-1

[Event "Ungdoms-DM U12 2025"]
[Site "Odense"]
[Date "2025.09.28"]
[Round "6"]
[White "Hagen, Frida Bjerregaard"]
[Black "Bjerg, Sigurd"]
[Result "0-1"]
[WhiteElo "1743"]
[BlackElo "1672"]
[WhiteFideId "1472089"]
[BlackFideId "1480170"]
[EventDate "2025.09.27"]
[EventType "swiss"]
[EventRounds "7"]
[EventCountry "DEN"]
[SourceTitle "Turneringssystemet"]

1. e4 e5 2. Nf3 Nc6 3. Bb5 Bc5 4. c3 Nf6 5. d4 exd4 6. e5 Qe7 7. Bxc6 bxc6 8. O-O Nd5 9. cxd4 Bb6 10. Nc3 Nxc3 11. bxc3 Ba6 12. Re1 h6 13. a4 Ba5 14. Qc2 Qe6 15. Bd2 O-O 16. Rab1 Rab8 17. h3 Bc4 18. Qe4 Bd5 19. Qf4 Bxf3 20. Qxf3 Qg6 21. Rxb8 Rxb8 22. Qe4 Qxe4 23. Rxe4 Rb2 24. Be1 Ra2 25. c4 Rxa4 26. Bxa5 Rxa5 27. Kf1 Ra4 28. c5 a5 29. Ke1 Ra2 30. Re2 Ra1+ 31. Kd2 Ra3 32. Kc2 Kf8 33. f4 g6 34. Rd2 Ke7 35. Kb2 Rg3 36. Kc2 Ke6 37. Rd3 Rxd3 38. Kxd3 Kd5 39. g4 a4 40. g5 h5 41. f5 gxf5 42. e6 dxe6 43. h4 f4 44. Kc3 f3 45. Kd3 a3 46. g6 fxg6 47. Ke3 a2 48. Kxf3 a1=Q 49. Kg3 Qxd4 50. Kh3 e5 51. Kg3 Qe3+ 52. Kh2 Ke4 53. Kh1 Kf3 54. Kh2 Qf2+ 55. Kh1 Qg2# 0-1

[Event "Ungdoms-DM U12 2025"]
[Site "Odense"]
[Date "2025.09.28"]
[Round "6"]
[White "Skytte, Robert"]
[Black "Andersen, Frederik"]
[Result "1/2-1/2"]
[WhiteElo "1850"]
[BlackElo "1710"]
[WhiteFideId "1471775"]
[BlackFideId "1481630"]
[EventDate "2025.09.27"]
[EventType "swiss"]
[EventRounds "7"]
[EventCountry "DEN"]
[SourceTitle "Turneringssystemet"]

1. e4 e5 2. Nf3 Nc6 3. Bc4 Nf6 4. Ng5 d5 5. exd5 Na5 6. d3 Nxc4 7. dxc4 Bd6 8. Nc3 h6 9. Nge4 Bf5 10. Nxd6+ cxd6 11. O-O g5 12. Re1 O-O 13. Be3 Kg7 14. b4 b6 15. c5 bxc5 16. bxc5 dxc5 17. Bxc5 Re8 18. Nb5 Bg6 19. c4 Ne4 20. Rxe4 Bxe4 21. Nd6 Bg6 22. Nxe8+ Qxe8 23. Qe2 f6 24. Bd6 Rc8 25. c5 Qd7 26. Qa6 Be4 27. c6 Qg4 28. f3 Bxf3 29. Qxa7+ Kg6 30. Qf2 Bxd5 31. c7 Qf5 32. Qd2 Qe4 33. Re1 Qc4 34. Rc1 Qb5 35. Qc2+ Kg7 36. Qc3 Bxa2 37. h3 Be6 38. Kh2 Kf7 39. Qc2 Kg7 40. Qc3 Kf7 41. Qc2 1/2-1/2